000 00374nam a2200169Ia 4500
005 20250603145448.0
008 250603s9999 xx 000 0 und d
020 _a9780470889206
050 _aQA 76.76.O63/
245 0 _aOperating system concept
260 _aUSA
260 _bJohn Wiley & Sons
260 _c2011
300 _a725 p
650 _aUSA
942 _cBK
999 _c41930
_d41930